The dyophysite christology of Cyril of Alexandria /
The formula 'one incarnate nature of the Word of God' has often been depicted as a summary of Cyril of Alexandria's (ca 378-444) christology. But no systematic study into his christological works has been published. Besides, there is no consensus regarding the meaning of the key terms...
المؤلف الرئيسي:
التنسيق: كتاب الكتروني
اللغة: English
منشور في:
Leiden ; Boston :
Brill,
2009.
سلاسل:
Vigiliae Christianae, Supplements
96.
Vigiliae Christianae Supplements Online, ISBN: 9789004308961.
الموضوعات:
الوصول للمادة أونلاين: Login to view Source
الوسوم: إضافة وسم
رقم الطلب: BT198 .L66 2009eb
| LEADER | 03588cam a2200469Ii 4500 | ||
|---|---|---|---|
| 001 | BRILL9789047426691 | ||
| 003 | nllekb | ||
| 005 | 20210602100026.0 | ||
| 006 | m d | ||
| 007 | cr un uuuua | ||
| 008 | 100402s2009 ne sb 001 0 eng d | ||
| 020 | |a 9789047426691 |q (electronic book) | ||
| 020 | |z 9789004173224 |q (print) | ||
| 024 | 7 | |a 10.1163/ej.9789004173224.i-632 |2 DOI | |
| 035 | |a (OCoLC)593336848 |z (OCoLC)647892901 |z (OCoLC)706509970 |z (OCoLC)746577564 |z (OCoLC)816387734 |z (OCoLC)823123807 | ||
| 040 | |a NL-LeKB |c NL-LeKB |e rda | ||
| 050 | 4 | |a BT198 |b .L66 2009eb | |
| 072 | 7 | |a REL |x 067040 |2 bisacsh | |
| 072 | 7 | |a HRCC1 |2 bicssc | |
| 072 | 7 | |a REL015000 |2 bisacsh | |
| 082 | 0 | 4 | |a 232/.8092 |2 22 |
| 100 | 1 | |a Loon, Hans van, |d 1951- | |
| 245 | 1 | 4 | |a The dyophysite christology of Cyril of Alexandria / |c by Hans van Loon. |
| 264 | 1 | |a Leiden ; |a Boston : |b Brill, |c 2009. | |
| 300 | |a 1 online resource (xvi, 626 pages) | ||
| 336 | |a text |b txt |2 rdacontent | ||
| 337 | |a computer |b c |2 rdamedia | ||
| 338 | |a online resource |2 rdacarrier | ||
| 490 | 1 | |a Supplements to Vigiliae Christianae ; |v v. 96 | |
| 504 | |a Includes bibliographical references (p. 582-603) and indexes. | ||
| 505 | 0 | 0 | |t Preliminary Materials / |r J.C. Van Loon -- |t Introduction / |r J.C. Van Loon -- |t Chapter One. Aim And Relevance / |r J.C. Van Loon -- |t Chapter Two. Cyril Of Alexandrias Use Of Aristotelian Logic / |r J.C. Van Loon -- |t Chapter Three. Meanings And Metaphysics In The Trinitarian Writings / |r J.C. Van Loon -- |t Chapter Four. Comparison Of Interpretations / |r J.C. Van Loon -- |t Chapter Five. The First Year Of The Nestorian Controversy / |r J.C. Van Loon -- |t Chapter Six. Contra Nestorium / |r J.C. Van Loon -- |t Chapter Seven. Other Writings From The Year 430 / |r J.C. Van Loon -- |t Chapter Eight. Recapitulation And Conclusions / |r J.C. Van Loon -- |t Bibliography / |r J.C. Van Loon -- |t Index Of Biblical Names / |r J.C. Van Loon -- |t Index Of Modern Names / |r J.C. Van Loon -- |t Index Of Subjects / |r J.C. Van Loon -- |t Index Of Scriptural References / |r J.C. Van Loon. |
| 506 | |a Available to subscribing member institutions only. | ||
| 520 | |a The formula 'one incarnate nature of the Word of God' has often been depicted as a summary of Cyril of Alexandria's (ca 378-444) christology. But no systematic study into his christological works has been published. Besides, there is no consensus regarding the meaning of the key terms and expressions in these works. This book addresses this deficiency by an integral investigation of the archbishop's christological writings during the first two years of the Nestorian controversy, and comes to the conclusion that his christology is basically dyophysite. This re-appraisal of his christology bears on the understanding of the Council of Chalcedon and on contemporary ecumenical relations, especially those between the Eastern Orthodox and the Oriental Orthodox. | ||
| 600 | 0 | 0 | |a Jesus Christ |x History of doctrines |y Early church, ca. 30-600. |
| 600 | 0 | 0 | |a Cyril, |c Saint, Patriarch of Alexandria, |d approximately 370-444. |
| 776 | 0 | 8 | |i Print version: |a Loon, Hans van, Dr. |t Dyophysite christology of Cyril of Alexandria. |d Leiden ; Boston : Brill, 2009 |z 9789004173224 |w (DLC) 2008055903 |w (OCoLC)298538014 |
| 830 | 0 | |a Vigiliae Christianae, Supplements |v 96. | |
| 830 | 0 | |a Vigiliae Christianae Supplements Online, ISBN: 9789004308961. | |
| 856 | 4 | |z DOI: |u http://dx.doi.org/10.1163/ej.9789004173224.i-632 | |
| 942 | |c EBOOK | ||
| 952 | |0 0 |1 0 |4 0 |7 1 |9 13699 |a BRILL |b BRILL |d 2021-06-02 |l 0 |r 2021-06-02 00:00:00 |w 2021-06-02 |y EBOOK | ||
| 999 | |c 35150 |d 35150 | ||
